Business Correspondence & Report Writing (Record no. 1020)

MARC details
000 -LEADER
fixed length control field 00422nam a22001697a 4500
005 - DATE AND TIME OF LATEST TRANSACTION
control field 20160518123826.0
008 - FIXED-LENGTH DATA ELEMENTS--GENERAL INFORMATION
fixed length control field 160518b xxu||||| |||| 00| 0 eng d
020 ## - INTERNATIONAL STANDARD BOOK NUMBER
ISBN 0-07-044555-9
041 ## - LANGUAGE CODE
Language code of text/sound track or separate title eng
082 ## - DEWEY DECIMAL CLASSIFICATION NUMBER
Item number 2920
100 ## - MAIN ENTRY--AUTHOR NAME
Personal name Sharma R.C. & Mohan Krishna
245 ## - TITLE STATEMENT
Title Business Correspondence & Report Writing
260 ## - PUBLICATION, DISTRIBUTION, ETC. (IMPRINT)
Place of publication New Delhi
Name of publisher TMH,
Year of publication 2004
300 ## - PHYSICAL DESCRIPTION
Number of Pages 431
650 ## - SUBJECT ADDED ENTRY--TOPICAL TERM
Topical Term Management
942 ## - ADDED ENTRY ELEMENTS (KOHA)
Koha item type Books
Holdings
Lost status Damaged status Collection code Home library Current library Shelving location Date acquired Full call number Accession Number Koha item type
    MANAGEMENT JRU Library JRU Library SHELF-62 -M 18/05/2016 2920 2920 Books
    MANAGEMENT JRU Library JRU Library SHELF-71-F 18/05/2016 2920 2921 Books